Культурология: учебное пособие
| Autor principal: | |
|---|---|
| Sumari: | Исключено из фонда НТБ ТПУ |
| Idioma: | rus |
| Publicat: |
Москва, Знание, 1999
|
| Format: | Llibre |
| KOHA link: | https://koha.lib.tpu.ru/cgi-bin/koha/opac-detail.pl?biblionumber=12071 |
MARC
| LEADER | 00000nam0a2200000 4500 | ||
|---|---|---|---|
| 001 | 12071 | ||
| 005 | 20231030184048.0 | ||
| 010 | |a 5070028502 | ||
| 035 | |a (RuTPU)RU\TPU\book\12146 | ||
| 035 | |a BOOK00012212 | ||
| 090 | |a 12071 | ||
| 100 | |a 20011209d1999 m y0rusy50 ca | ||
| 101 | 0 | |a rus | |
| 102 | |a RU | ||
| 105 | |a y j 000zy | ||
| 200 | 1 | |a Культурология |e учебное пособие |f П. С. Гуревич | |
| 210 | |a Москва |c Знание |d 1999 | ||
| 215 | |a 288 с. | ||
| 333 | |a Исключено из фонда НТБ ТПУ | ||
| 700 | 1 | |a Гуревич |b П. С. |g Павел Семенович | |
| 801 | 0 | |a RU |b 63413507 |c 20011209 |g PSBO | |
| 801 | 2 | |a RU |b 63413507 |c 20220427 |g PSBO | |
| 942 | |c BK | ||